| 000 | 00641nam a2200241Ia 4500 | ||
|---|---|---|---|
| 008 | 160319s9999 xx 000 0 und d | ||
| 020 | _a9716300484 | ||
| 050 | _aFil 324.2092 | ||
| 050 | _bV468b 1995 | ||
| 100 | _aVentura, Sylvia Mendez | ||
| 245 | _aBenigno Aquino / | ||
| 245 | _cSylvia Mendez Mendoza. | ||
| 260 | _aManila : | ||
| 260 | _bTahanan Books for Young Readers | ||
| 260 | _c1995 | ||
| 300 | _a31 Pages : | ||
| 300 | _billustrations ; | ||
| 300 | _c25 cm. | ||
| 440 | _aGreat lives. | ||
| 500 | _a Includes bibliographical reference. | ||
| 650 | _aPoliticians -- Philippines -- | ||
| 650 | _xBiography. | ||
| 999 |
_c292330 _d292330 |
||